Quizzes
Events
Quiz Creation
Community
Videos
Private Events
Remove Ads
Sign In
Join for FREE
Feedback
Dark Mode
Quiz Categories
Sports
Geography
Music
Movies
Television
Just For Fun
Miscellaneous
History
Literature
Language
Science
Gaming
Entertainment
Religion
Holiday
For Kids
Quiz Lab
Recent
Popular Today
Quiz Kudos Today
Editor Picks
Curator Picks
Quizzes by...
Day
Popularity
Type
Ratings
Length
Year
Community
Subscriptions
Recent Discussions
Orange Saloon
Badges
Playlists
Quests
Create
Leaderboards
Showdown
Live 5
Trivia Bingo
Activity
Puzzle Library
Sporcle Events
Private Events
Virtual Trivia
Globe League
Become a Host
Pub Owners
SporcleCon
Opinionation
Our Games
Videos
Blog
Mobile Apps
Partnerships
Remove Ads and Go Orange
Feedback
Sports
Athletes
MLB
NBA
NHL
NFL
Soccer
Sports Teams
WWE
NCAA
Football
Premier League
Basketball
Baseball
Hockey
Golf
Tennis
Cricket
Rugby
Auto Racing
Olympics
World Cup
Sports
Athletes
MLB
NBA
NHL
NFL
Soccer
Sports Teams
WWE
NCAA
Football
Premier League
Basketball
Baseball
Hockey
Golf
Tennis
Cricket
Rugby
Auto Racing
Olympics
World Cup
Random Quiz
Search Sporcle
×
Curator Pick
Curator Pick
Sports
Auto Racing
Type in answers that appear in a list
Type in answers that appear in a list
Classic
Best Score? Go Orange.
NASCAR Daytona 500 Pole Sitters Stats
Can you name the NASCAR Daytona 500 Pole Sitters?
By
TheDynasty0
17m
65 Questions
637 Plays
637 Plays
637 Plays
Comments
Comments
Give Quiz Kudos
Give Quiz Kudos
-
- Ratings
hide this ad
Replay
Link that replays current quiz
Next Quiz
Link to next quiz in quiz playlist
You Got
0%
They Got
Avg Score
70%
Avg Friend Score
Upgrade to see
Score Distribution
Jump to the score distribution portion of the page
Score
0/65
Timer
17:00
0
Plays Today
Year
Driver
% Correct
2023
Alex Bowman
97.5%
2011
Dale Earnhardt, Jr.
96.5%
1996
Dale Earnhardt
95.9%
2016
Chase Elliott
95.7%
1966
Richard Petty
95.6%
2017
Chase Elliott
95.5%
1985
Bill Elliott
95.4%
1986
Bill Elliott
95.4%
1987
Bill Elliott
95.4%
1993
Kyle Petty
95.4%
2001
Bill Elliott
95.4%
1999
Jeff Gordon
95.1%
2015
Jeff Gordon
95.1%
2019
William Byron
95.1%
2022
Kyle Larson
95%
2018
Alex Bowman
94.6%
2021
Alex Bowman
94.1%
2002
Jimmie Johnson
93.8%
2008
Jimmie Johnson
93.8%
2020
Ricky Stenhouse, Jr.
92.2%
2012
Carl Edwards
88.8%
1995
Dale Jarrett
88.5%
2000
Dale Jarrett
88.5%
2005
Dale Jarrett
88.5%
2013
Danica Patrick
88.2%
2014
Austin Dillon
88%
1998
Bobby Labonte
87.2%
1991
Davey Allison
86.9%
1981
Bobby Allison
86.8%
1975
Donnie Allison
86%
1977
Donnie Allison
86%
2004
Greg Biffle
85.6%
2006
Jeff Burton
83.9%
Year
Driver
% Correct
2010
Mark Martin
83.6%
1968
Cale Yarborough
80.8%
1970
Cale Yarborough
80.8%
1978
Cale Yarborough
80.8%
1984
Cale Yarborough
80.8%
1974
David Pearson
79.3%
2009
Martin Truex, Jr.
73.2%
1997
Mike Skinner
70.8%
1983
Ricky Rudd
70.5%
1988
Ken Schrader
70%
1989
Ken Schrader
70%
1990
Ken Schrader
70%
1969
Buddy Baker
69.4%
1973
Buddy Baker
69.4%
1979
Buddy Baker
69.4%
1980
Buddy Baker
69.4%
2007
David Gilliland
68.3%
1961
Fireball Roberts
65.1%
1962
Fireball Roberts
65.1%
1963
Fireball Roberts
65.1%
1992
Sterling Marlin
63.4%
2003
Jeff Green
61.4%
1982
Benny Parsons
58.2%
1972
Bobby Isaac
54.4%
1971
AJ Foyt
50.5%
1994
Loy Allen, Jr.
44.8%
1967
Curtis Turner
30.6%
1960
Cotton Owens
22.4%
1976
Ramo Stott
19.2%
1959
Bob Welborn
16.2%
1965
Darel Dieringer
15.5%
1964
Paul Goldsmith
13.2%
Quiz Playlist
Details
Report
Send in Message
Add To Playlist
Classic:
Type in answers that appear in a list
Last Updated: Feb 11, 2018
Curator Pick in
Auto Racing
Quiz Scoreboard
CHALLENGE
Sign Up to Join the Scoreboard
Show All
Scores
Hide
Comments
May contain spoilers
Recently Published
Billboard Blitz: Fleetwood Mac
by CooCooCachoo
Music
15s
Presidents Visiting Landmarks
by Hejman
History
7m
An Introduction to Baseball
by treessimontrees
Sports
5m
More to Explore
Quiz From the Vault
Featured Blog Post
Where Did the Easter Bunny Come From?
hide this ad
You Might Also Like...
Tags
Auto Racing Quiz
500
car
Daytona
Daytona 500
Driver
NASCAR
pole
Sitter
Today's Top Quizzes in Sports
Browse Sports
hide this ad
Today's Top Quizzes in Auto Racing
Browse Auto Racing
Top Contributed Quizzes in Sports
1
Les meilleurs buteurs des matchs entre le PSG et l’OM
2
2022 World Cup Stars
3
FIFA Club World Cup Champions
4
Les entraîneurs de l'OM et du PSG au 21e siècle
5
Criteria MLB: Left Handed Sluggers
6
Name the Premier League winners with different clubs
7
5-to-1: UK Sports Teams
8
AFC Teams Reveal (Wrong Answers Minefield)
9
Players with Multiple 50 Home Run Seasons
10
5-to-1: FBS Animal Nicknames
Explore More
Trending Topics
Anime
Disney
Harry Potter
Kpop
Crossword
Marvel
NBA
NFL
Pokémon
Puzzle
Song
Soccer
The Office
WWE
Country
hide this ad
More By:
TheDynasty0
Quiz
Plays
Rating
Category
Featured
Created
Seattle Mariners Opening Day Starting Pitchers
19,055
4.49
Sports
Apr 6, 2012
Toronto Blue Jays Opening Day Starting Pitchers
15,933
4.69
Sports
Apr 5, 2012
Daniel Bryan WWE PPV Opponents
5,940
4.31
Sports
Jul 19, 2012
Wrestlers who have had a WWE Championship PPV Match
5,146
4.58
Sports
Sep 8, 2012
2013 PWI 500 (Top 100)
3,864
4.31
Sports
Aug 22, 2013
Go to Creator's Profile
Score Distribution
Quiz Creator Spotlight
TheDynasty0
Follow
Send a Message
Quizzes Created
-
Created Quiz Play Count
-
More By This Creator
Popular Quizzes Today
1
Find the US States - No Outlines Minefield
2
Find the Countries of Europe - No Outlines Minefield
3
The Countries of the World
4
Find the US States
5
US States
6
Risky Map Clicking: Biggest States A-Z
7
Popular People in 1961
8
Movies - When Are They Set?
More Sports Quizzes
NBA players with 10+ 3's in a Game in the 2022 season
Quiz Lab
Trending Quizzes
Risky Map Clicking: Least Populous States A-Z
1-10 Letter G Words
1-10 Letter F Words
Risky Map Clicking: Next State Alphabetically
Risky Map Clicking: Biggest States A-Z
Recently Updated
Leaping Animals
pecheneg
Reality TV Shows (A-Z)
bhenderson79
Rickey Henderson's Hall of Fame Teammates
pecheneg
Champions League XIs: Arsenal
pecheneg
Quick Pick: Celebrities in WWE's Hall of Fame
aduchscher
A-Z Keypad Blitz II
pecheneg
Multiple Oscar Actors
pecheneg
Mystery Phrase Blitz: Oscar 'Best Actors'
pecheneg
F. Scott Fitzgerald Novels
LTH
Pick 3 Villains
ddd62291
Trending Topics
NBA
Disney
Marvel
Kpop
Anime
Crossword
Harry Potter
WWE
NFL
Song
Puzzle
Soccer
The Office
Pokémon
Country
Your Account Isn't Verified!
In order to create a playlist on Sporcle, you need to verify the email address you used during registration. Go to your
Sporcle Settings
to finish the process.
Report this User
Report this user for behavior that violates our
Community Guidelines
.
Details:
Send Report
Go to the Sporcle.com Mobile Site →
Comments